Taxonomy Classification - Statistics

General Stats
  • This quiz has been taken 32 times
  • The average score is 8 of 8
Answer Stats
First Letter Answer % Correct
K Kingdom
100%
C Class
97%
P Phylum
97%
S Species
97%
F Family
93%
G Genus
93%
D Domain
90%
O Order
90%
No matching quizzes found
Score Distribution
Percent of People with Each Score
Percentile by Number Answered
Your Score History
You have not taken this quiz